Kompetentnosť manažéra v malom alebo strednom podniku bakalárska práca

Na minha lista:
Detalhes bibliográficos
Autor principal: Hekl, Lukáš
Autor Corporativo: Fakulta podnikového manažmentu EU. Katedra manažmentu
Outros Autores: Viskupičová, Jana
Formato: Livro
Idioma:eslovaco
Publicado em: Bratislava 2015
Tags: Adicionar Tag
Sem tags, seja o primeiro a adicionar uma tag!

MARC

LEADER 00000nbm a2200000 4500
001 0202916
005 20161212102138.0
041 0 |a slo 
044 |a SK 
245 1 0 |a Kompetentnosť manažéra v malom alebo strednom podniku  |b bakalárska práca  |c Lukáš Hekl ; školiteľ: Jana Viskupičová 
264 1 |a Bratislava  |c 2015 
300 |a 55 s. 
100 1 |a Hekl, Lukáš 
700 1 |a Viskupičová, Jana 
710 2 |a Fakulta podnikového manažmentu EU. Katedra manažmentu